| 000 | 00363nam a2200121Ia 4500 | ||
|---|---|---|---|
| 008 | 230907s9999||||xx |||||||||||||| ||und|| | ||
| 082 |
_a621.312134 _bROD |
||
| 100 |
_aRodrÃguez, Luis. _9115569 |
||
| 245 | 0 | _aDesigning and building mini and micro hydropower schemes : | |
| 260 |
_aPractical Action Pub., _bRugby : _c2011 |
||
| 300 | _axxii, 359 p. : | ||
| 942 | _cBK | ||
| 999 |
_c598824 _d598824 |
||